50 otázek a odpovědí z pracovněprávní poradny /

Další autoři: Randlová, Nataša, 1967-
Jazyk: Čeština
Vydáno: Praha : Wolters Kluwer Česká republika, 2010-2011
Témata:
Externí odkaz: Digitalizovaný dokument
Fyzický popis: 2 sv. ; 21 cm
Odebírané svazky: 1-2
Knihy
Uloženo v:
LEADER 02258nam a2200505 aa4500
001 nkc20112264914
003 CZ PrNK
005 20230104184516.0
007 ta
008 111207m20102011xr e f 001 0 cze
015 |a cnb002264914  |z cnb002151969 
020 |a 978-80-7357-602-8  |q ([1.] díl ;  |q brož.) 
020 |a 978-80-7357-708-7  |q (2. díl ;  |q brož.) 
035 |a (OCoLC)773173389 
040 |a ABA001  |b cze 
043 |a e-xr--- 
072 7 |a 349  |x Pracovní, sociální, stavební právo. Právo životního prostředí  |2 Konspekt  |9 16 
080 |a 349.2  |2 MRF 
080 |a 331.106  |2 MRF 
080 |a (437.3)  |2 MRF 
080 |a (035)  |2 MRF 
245 0 0 |a 50 otázek a odpovědí z pracovněprávní poradny /  |c Nataša Randlová ... [et al.] 
246 3 |a Padesát otázek a odpovědí z pracovněprávní poradny 
260 |a Praha :  |b Wolters Kluwer Česká republika,  |c 2010-2011 
300 |a 2 sv. ;  |c 21 cm 
500 |a Na obálce uvedeno: Nataša Randlová a kolektiv 
504 |a Obsahuje bibliografii a rejstřík 
505 0 |a 1. díl. 2010. 131 s. -- 2. díl. 2011. 131 s. 
650 0 7 |a pracovní právo  |7 ph115872  |z Česko  |2 czenas 
650 0 7 |a pracovněprávní vztahy  |7 ph124524  |z Česko  |2 czenas 
650 0 9 |a labor laws and legislation  |z Czechia  |2 eczenas 
650 0 9 |a labor-law relations  |z Czechia  |2 eczenas 
655 7 |a příručky  |7 fd133209  |2 czenas 
655 9 |a handbooks and manuals  |2 eczenas 
700 1 |a Randlová, Nataša,  |d 1967-  |7 js20060602035  |4 aut 
856 4 1 |u http://www.digitalniknihovna.cz/mzk/uuid/uuid:414ee910-282d-11e8-8b05-005056825209  |y Digitalizovaný dokument  |x NDK 
910 2 |a BOA001  |b 2-1254.505  |s 1-2 
928 9 |a Wolters Kluwer ČR 
990 |a BK 
995 |a 01 
991 |b 201201  |c NOV  |e n 
996 6 |b 2610456973  |c 2-1254.505  |d 1. díl  |v 1  |l MZK  |r Sklad / do 1 hodiny  |n 7  |p p.v.  |w 001162314  |u 000010  |a 1  |e BOA001  |j MZK50  |s P 
996 6 |b 2610494949  |c 2-1254.505  |d 2. díl  |v 2  |l MZK  |r Sklad / do 1 hodiny  |n 5  |p p.v.  |w 001162314  |u 000020  |a 1  |e BOA001  |j MZK50  |s P 
996 7 |b 2610499720  |c 2-1254.505  |d 1. díl  |v 1  |l MZK  |r Sklad / do 1 hodiny  |n 8  |p kup  |w 001162314  |u 000030  |a 1  |e BOA001  |j MZK50  |s A 
996 7 |b 2610502139  |c 2-1254.505  |d 2. díl  |v 2  |l MZK  |r Sklad / do 1 hodiny  |n 8  |p kup  |w 001162314  |u 000040  |a 1  |e BOA001  |j MZK50  |s A